000 00550nam a2200193Ia 4500
003 GCL
008 140319s9999 xx 000 0 eng d
040 _aGCL /
_cGCL
082 0 4 _a331.40972
_bG R
100 1 _aCONZALEZ, DE LA ROCHA
245 1 0 _aTHE RESOURCES OF POVERTY: WOMEN AND SURVIVAL IN A MEXICAN CITY /
_cCONZALEZ, DE LA ROCHA
260 _a[S.N] :
_bBLACKWELL ،
_c1994
300 _a311 P
650 0 4 _aWOMEN EMPLOYMENT
650 0 4 _aPOVERITY
650 0 4 _aHOUSEHOLDS, ECONOMIC ASPECTS
650 0 4 _aPOOR, MEXICO
942 _2ddc
_cBK
999 _c21297
_d21297